000 00811nam a2200265Ia 4500
005 20251020182537.0
008 200515s9999 xx 000 0 und d
020 _a978-84-342-3526-7
082 _a720.28/J54
100 _aJiménez, Javier
100 _aOrtega, David
245 0 _aDibujo a mano alzada para diseñadores de interiores
260 _aBarcelona
260 _bParramon
260 _c2010
300 _a191 p.
300 _bil.
500 _a1 ejemplar
520 _aExplica como dar forma a la pluralidad gráfica en el dibujo que deben realizar los diseñadores de interiores: bocetos, croquis acotados, explicaciones de ideas a clientes entre otros
650 _aDIBUJO
650 _aDIBUJO A MANO ALZADA
650 _aDISEÑO DE INTERIORES
942 _cLIB
999 _c2258
_d2258